La circulación hepática normal y patológica / (Record no. 108523)

MARC details
000 -LEADER
campo de control de longitud fija 00700nam a2200205 4500
001 - NÚMERO DE CONTROL
campo de control 108523
003 - IDENTIFICADOR DE NÚMERO DE CONTROL
campo de control ES-MaACL
005 - FECHA Y HORA DE LA ÚLTIMA TRANSACCIÓN
campo de control 20251226165723.0
007 - CAMPO FIJO DE DESCRIPCIÓN FÍSICA--INFORMACIÓN GENERAL
campo de control de longitud fija t|
008 - DATOS DE LONGITUD FIJA--INFORMACIÓN GENERAL
campo de control de longitud fija 061121s1963 sp r ||||1| spa d
100 1# - ENTRADA PRINCIPAL--NOMBRE DE PERSONA
Nombre de persona Moniz Bettencourt, J.
9 (RLIN) 82216
245 13 - MENCIÓN DEL TÍTULO
Título La circulación hepática normal y patológica /
Mención de responsabilidad, etc. J. Moniz Bettencourt, J. Mirabeau; prólogo de V. Gilsanz; traducción de J. Díaz Vázquez.
260 ## - PUBLICACIÓN, DISTRIBUCIÓN, ETC.
Lugar de publicación, distribución, etc. Madrid :
Nombre del editor, distribuidor, etc. Cultura Clásica y Moderna,
Fecha de publicación, distribución, etc. 1963.
300 ## - DESCRIPCIÓN FÍSICA
Extensión VIII, 328 p., 1 lám :
Otras características físicas il.
700 0# - ENTRADA AGREGADA--NOMBRE PERSONAL
Nombre de persona Gilsanz, Vicente
9 (RLIN) 57013
700 1# - ENTRADA AGREGADA--NOMBRE PERSONAL
Nombre de persona Díaz Vázquez, J.
9 (RLIN) 44450
700 1# - ENTRADA AGREGADA--NOMBRE PERSONAL
Nombre de persona Mirabeau, J.
9 (RLIN) 81464
852 ## - LOCALIZACIÓN
Ubicación ES-MaACL
Número de control de estantería C-23597
Sublocalización o colección R.52420
Holdings
Estatus retirado Estado de pérdida Estado de daño No para préstamo Biblioteca de origen Biblioteca actual Ubicación en estantería Fecha de adquisición Fuente de adquisición Total de préstamos Signatura topográfica completa Código de barras Visto por última vez Precio de reemplazo Tipo de ítem Koha
        Biblioteca del Ateneo de Madrid Biblioteca del Ateneo de Madrid Depósito 2 17/01/2008     C-23597 1113238 23/02/2023 23/02/2023 Libro impreso